000 01447nac a22005057a 4500
001 BR0700697
003 BR-BrBNA
005 20240105123350.0
008 230509b bl.|||m| |||| 00| 0 por d
040 _aBR-BrBNA
_bpor
_cBiblioteca Nacional de Agricultura
072 _aF01
090 _a1120 BR0700697
100 1 _aSousa, V.F. de
100 1 _aBelmino, C.S.
100 1 _aSousa, C.A.F. de
100 1 _aCarneiro, J. da S.
100 1 _aSilva, P.H.S. da
100 1 _aVasconcelos, L.F.L.
100 1 _aSouza, H.U. de
100 1 _aMaia, C.B.
100 1 _aEloi, W.M.
100 1 _aViana, S.R.S.
100 1 _aBarbosa, F.R.
100 1 _aMoreira, A.N.
100 1 _aTavares, S.C.C. de H.
100 1 _aMouco, M.A. do C.
100 1 _aSilva, D.J. da
100 1 _aAssis, J.S. de
110 1 _aEMBRAPA Meio-Norte, Teresina, PI (Brasil)
245 1 _aProdução integrada de manga no Estado do Piauí: documentos de referência
260 3 _aTeresina, PI (Brasil):
_c2005.
300 _a140 p.
490 _aDocumentos - EMBRAPA Meio-Norte (Brazil)
_vno. 106
_xISSN 0104-866X
650 _aMANGA
650 _aPRODUÇÃO VEGETAL
650 _aCULTIVO INTERCALADO
650 _aQUALIDADE
650 _aPÓS-COLHEITA
650 _aIRRIGAÇÃO
650 _aCOLHEITA
650 _aCADEIA PRODUTIVA
650 _aPIAUÍ
909 _a202312
_bLúcia Elande
_c55
_dLúcia Elande
942 _2AGRIS
_n0
_cMS
999 _c295138
_d295138